000 01018nam a2200313 i 4500
001 bg
003 KOSZ 005
005 20220117144223.0
008 981030s1986 pl a f f |000 0 pol
015 _aPB 1987/1672
020 _a8301054131
020 _a830105414X
035 _a(OCoLC)835888306
040 _aWA N
_cKOSZ 005/HR
_dKOSZ 005/HR
041 0 _apol
080 _a621
080 _a(07)
245 0 0 _aPodstawy konstrukcji maszyn.
_nT. 1 cz. 1 /
_cpod red. Marka Dietricha ; [aut. Marek Dietrich et al.].
260 _aWarszawa :
_bPańst. Wydaw. Naukowe,
_c1986.
300 _a335, [1] s. :
_brys., wykr. ;
_c24 cm.
380 _aKsiążki.
504 _aBibliogr. przy rozdz.
650 4 _aMaszyny
_xbudowa i konstrukcje.
658 _aInżynieria i technika
655 4 _aPodręczniki akademickie
700 1 _aDietrich, Marek
_d(1934-2009)
_eAutor
856 _uhttp://koha.tu.koszalin.pl/cgi-bin/koha/opac-detail.pl?biblionumber=3201
_yKatalog online BPK
942 _2UKD
_cKS
999 _c3201
_d3201